00313nam a22001097a 4500008004100000020001500041082002100056100002000077245006400097260002800161300001400189230623b xxu||||| |||| 00| 0 eng d a0435966502 a330.12bSWA 1980 cNicola Swainson aThe Development of Corporate Capitalism in Kenyab1918-1977 aLondonbHeinemannc1980 aXIII,306p